[Event "Wch U12"]
[Site "Batumi"]
[Date "2022.09.25"]
[Round "9"]
[White "Goutham Krishna, H."]
[Black "Sailaubay, Aldiyar"]
[Result "1-0"]
[WhiteElo "1940"]
[BlackElo "1459"]
[PlyCount "83"]
[EventDate "2022.09.16"]
[EventType "swiss"]
[EventRounds "11"]
[EventCountry "GEO"]
[SourceTitle "EXT 2023"]
[Source "ChessBase"]
[SourceDate "2022.10.05"]
[SourceVersion "1"]
[SourceVersionDate "2022.10.05"]
[SourceQuality "1"]

1. Nf3 Nf6 2. d4 e6 3. c4 b6 4. g3 Be7 5. Bg2 Ba6 6. Qc2 0-0 7. 0-0 c6 8. Rd1 d5 9. Ne5 Nfd7 10. Nxd7 Nxd7 11. Nd2 Nf6 12. e4 dxe4 13. Nxe4 Bb7 14. c5 Nd5 15. h4 h6 16. a3 a5 17. b3 b5 18. Bb2 Qc7 19. Nd2 Rad8 20. Nf3 Bf6 21. Bf1 Rfe8 22. Qe4 Be7 23. Bd3 Nf6 24. Qe2 Rd5 25. Rac1 Red8 26. Re1 Bc8 27. a4 b4 28. Bc4 Rf5 29. Ne5 Nd5 30. Bd3 Rf6 31. Ng4 Kf8 32. Nxf6 Nxf6 33. Qf3 h5 34. Re5 g6 35. Rce1 Kg7 36. Bb1 Ba6 37. Bxg6 fxg6 38. d5 Ng8 39. d6 Bxd6 40. cxd6 Rxd6 41. Rxe6+ Kh6 42. Qf4+ 1-0